000 00543nam a2200181 i 4500
001 10843
003 ES-MaACL
005 20230906145953.0
007 t|
008 951117s1951 xxk ||||1| eng d
080 _a929 Spender, Stephen
100 1 _aSpender, Stephen.
_9107690
245 1 0 _aWorld within world
_b: the autobiography of Stephen Spender.
260 _aLondon :
_bHamish Hamilton,
_ccop. 1951.
300 _aIX, 349 p. ;
_c22 cm.
600 1 4 _aSpender, Stephen-
_xBiografĂ­as.
_9107691
852 _aES-MaACL
_jL-18151
_bR.123206
999 _c10843
_d10843